[Event "Asia zt 3.2"]
[Site "Colombo"]
[Date "2025.03.16"]
[Round "7"]
[White "Khalid, Mafaaz"]
[Black "Dandeniya, DDLN"]
[Result "1-0"]
[WhiteElo "2131"]
[BlackElo "1881"]
[PlyCount "149"]
[EventDate "2025.03.11"]
[EventType "swiss"]
[EventRounds "9"]
[EventCountry "SRI"]
[SourceTitle "CB13_2025"]
[SourceDate "2025.03.26"]
[SourceVersion "1"]
[SourceVersionDate "2025.03.26"]
[SourceQuality "1"]

1. d4 d6 2. Nf3 g6 3. c4 Bg7 4. e4 Nf6 5. Nc3 0-0 6. Be2 e5 7. 0-0 Nc6 8. d5 Ne7 9. Ne1 Nd7 10. Nd3 f5 11. Bd2 Nf6 12. f3 f4 13. Rc1 g5 14. b4 Rf7 15. c5 Ng6 16. a4 h5 17. Nf2 Bf8 18. cxd6 cxd6 19. a5 Rg7 20. h3 Nh8 21. Nb5 a6 22. Na3 b5 23. axb6 Qxb6 24. Rc6 Qa7 25. b5 axb5 26. Nxb5 Qb8 27. Qc2 Bd7 28. Rb1 Bxc6 29. dxc6 Qc8 30. c7 Nf7 31. Rc1 Nd7 32. Qc6 Nc5 33. Bc4 Kh8 34. Bb4 Ra6 35. Qd5 Rb6 36. Ra1 Rxb5 37. Ra8 Qxc7 38. Rxf8+ Kh7 39. Bxb5 Nh6 40. Bxc5 dxc5 41. Qd8 Qxd8 42. Rxd8 g4 43. hxg4 hxg4 44. Nxg4 Nxg4 45. fxg4 Rxg4 46. Be2 Rg7 47. Rc8 Kg6 48. Rxc5 Re7 49. Bf3 Kf6 50. Kf2 Ra7 51. Rc6+ Ke7 52. Bg4 Ra2+ 53. Kg1 Ra1+ 54. Kh2 Ra5 55. Kh3 Ra3+ 56. Bf3 Ra8 57. Kg4 Rf8 58. Kg5 Kd7 59. Rf6 Rg8+ 60. Kf5 Re8 61. Ra6 Kc7 62. Re6 Rf8+ 63. Kxe5 Kd7 64. Rf6 Re8+ 65. Kxf4 Ke7 66. Ra6 Rf8+ 67. Ke5 Rb8 68. Ra7+ Kd8 69. Kf5 Rb5+ 70. e5 Rc5 71. Kf6 Rc4 72. e6 Rf4+ 73. Ke5 Rb4 74. e7+ Ke8 75. Bh5# 1-0

[Event "Asia zt 3.2"]
[Site "Colombo"]
[Date "2025.03.12"]
[Round "3"]
[White "Khalid, Mafaaz"]
[Black "Annurudha, GC."]
[Result "1-0"]
[WhiteElo "2131"]
[BlackElo "1990"]
[PlyCount "93"]
[EventDate "2025.03.11"]
[EventType "swiss"]
[EventRounds "9"]
[EventCountry "SRI"]
[SourceTitle "CB13_2025"]
[SourceDate "2025.03.26"]
[SourceVersion "1"]
[SourceVersionDate "2025.03.26"]
[SourceQuality "1"]

1. d4 d6 2. Nf3 g6 3. c4 Bg7 4. e4 Nc6 5. d5 Ne5 6. Nxe5 Bxe5 7. Bd3 c5 8. 0-0 Bg7 9. Nc3 a6 10. Bd2 Nf6 11. a3 0-0 12. Rb1 Bd7 13. b4 b6 14. h3 Qc7 15. Ne2 Rab8 16. Be3 Rfc8 17. Qd2 e5 18. g4 h5 19. g5 Nh7 20. Kg2 Qd8 21. h4 Qe7 22. Ng3 f6 23. Rh1 Bg4 24. f3 Bd7 25. Rbc1 Qd8 26. Be2 Qe7 27. Bd3 Bf8 28. Nf5 gxf5 29. exf5 Bg7 30. Rhe1 b5 31. bxc5 bxc4 32. Be4 dxc5 33. d6 Qd8 34. g6 Nf8 35. Rxc4 Nxg6 36. fxg6 f5 37. Bg5 Qe8 38. Bd5+ Be6 39. Rec1 Qxg6 40. Rxc5 Rxc5 41. Rxc5 Bxd5 42. Qxd5+ Kh7 43. d7 f4 44. Qe4 Bf6 45. Qxg6+ Kxg6 46. Bxf6 Kxf6 47. Rc8 1-0

[Event "Harbin SCO Team 6th"]
[Site "Harbin"]
[Date "2025.01.02"]
[Round "11.5"]
[White "Ashid, Tsetsegulzii"]
[Black "Khalid, Mafaaz"]
[Result "0-1"]
[WhiteElo "2325"]
[BlackElo "2131"]
[PlyCount "72"]
[EventDate "2024.12.31"]
[EventType "team-tourn (rapid)"]
[EventRounds "11"]
[EventCountry "CHN"]
[SourceTitle "CB02_2025"]
[SourceDate "2025.01.08"]
[SourceVersion "1"]
[SourceVersionDate "2025.01.08"]
[SourceQuality "1"]
[WhiteTeam "Mongolia"]
[BlackTeam "Pakistan"]
[WhiteTeamCountry "MGL"]
[BlackTeamCountry "PAK"]

1. e4 e5 2. Nf3 Nc6 3. Nc3 Nf6 4. Bb5 Nd4 5. Ba4 Nxf3+ 6. Qxf3 c6 7. d3 d6 8. 0-0 Be7 9. Qe2 b5 10. Bb3 a5 11. a3 Be6 12. f4 Bxb3 13. cxb3 exf4 14. Bxf4 0-0 15. Rac1 Re8 16. Nd1 Rc8 17. Ne3 g6 18. Bg5 Nd7 19. Bf4 Nc5 20. b4 axb4 21. axb4 Ne6 22. Bg3 Bg5 23. Qf2 f5 24. exf5 Nd4 25. Rce1 Bxe3 26. Rxe3 Nxf5 27. Rxe8+ Qxe8 28. Re1 Qf7 29. Qf3 Qd5 30. Qxd5+ cxd5 31. Re2 Rc1+ 32. Kf2 Rd1 33. Re8+ Kf7 34. Rb8 Rxd3 35. Rxb5 Ke6 36. Ke2 Rxg3 0-1

[Event "Harbin SCO Team 6th"]
[Site "Harbin"]
[Date "2025.01.01"]
[Round "10.5"]
[White "Khalid, Mafaaz"]
[Black "Chen, Qi B"]
[Result "1/2-1/2"]
[WhiteElo "2131"]
[BlackElo "2490"]
[PlyCount "81"]
[EventDate "2024.12.31"]
[EventType "team-tourn (rapid)"]
[EventRounds "11"]
[EventCountry "CHN"]
[SourceTitle "CB02_2025"]
[SourceDate "2025.01.08"]
[SourceVersion "1"]
[SourceVersionDate "2025.01.08"]
[SourceQuality "1"]
[WhiteTeam "Pakistan"]
[BlackTeam "China"]
[WhiteTeamCountry "PAK"]
[BlackTeamCountry "CHN"]

1. d4 Nf6 2. c4 e6 3. Nc3 Bb4 4. f3 0-0 5. e4 d5 6. e5 Nfd7 7. cxd5 exd5 8. f4 c5 9. a3 Ba5 10. Be3 Nc6 11. Nf3 cxd4 12. Bxd4 Bxc3+ 13. bxc3 Qa5 14. Be2 Nc5 15. 0-0 Ne4 16. Qc1 Bg4 17. Bd3 Rac8 18. Qe3 Nxd4 19. cxd4 Rc3 20. Qe1 f5 21. exf6 Nxf6 22. Ne5 Bh5 23. Bf5 b6 24. a4 Qb4 25. Qd2 Rb3 26. Qxb4 Rxb4 27. Nc6 Rc4 28. Rfc1 Bg4 29. Bxg4 Nxg4 30. Rxc4 dxc4 31. g3 Ne3 32. Kf2 Nd5 33. Rc1 c3 34. Nxa7 Ra8 35. Nb5 Rxa4 36. Nxc3 Rxd4 37. Nxd5 Rxd5 38. Rc6 Rd2+ 39. Kf3 b5 40. Rb6 Rxh2 41. Rxb5 1/2-1/2

[Event "Olympiad-45"]
[Site "Budapest"]
[Date "2024.09.21"]
[Round "10.1"]
[White "Khalid, Mafaaz"]
[Black "Giron, Jorge Ernesto"]
[Result "1/2-1/2"]
[WhiteElo "2069"]
[BlackElo "2276"]
[PlyCount "130"]
[EventDate "2024.09.11"]
[EventType "team-swiss"]
[EventRounds "11"]
[EventCountry "HUN"]
[SourceTitle "EXT 2025"]
[Source "ChessBase"]
[SourceDate "2024.10.14"]
[SourceVersion "1"]
[SourceVersionDate "2024.10.14"]
[SourceQuality "1"]
[WhiteTeam "Pakistan"]
[BlackTeam "El Salvador"]
[WhiteTeamCountry "PAK"]
[BlackTeamCountry "ESA"]

1. d4 Nf6 2. c4 c5 3. d5 e6 4. Nc3 exd5 5. cxd5 d6 6. e4 g6 7. f4 Bg7 8. Bb5+ Nfd7 9. a4 0-0 10. Nf3 Na6 11. 0-0 Nb4 12. Re1 a6 13. Bf1 b6 14. Bc4 Re8 15. Bd2 Bb7 16. Rc1 Nf6 17. h3 Qd7 18. Re2 Re7 19. Be1 Nh5 20. Qd2 Bh6 21. Ng5 Nxf4 22. Qxf4 f6 23. h4 fxg5 24. hxg5 Rf8 25. Qh4 Bg7 26. Bg3 Be5 27. Ree1 Bc8 28. Bxe5 Rxe5 29. Rf1 Rxf1+ 30. Rxf1 Qe7 31. Rf6 Bd7 32. Be2 b5 33. axb5 axb5 34. Bf3 Nd3 35. Ne2 b4 36. b3 Be8 37. Kh2 Bf7 38. Nf4 Nxf4 39. Rxf4 Rxg5 40. Bg4 Qe5 41. g3 Kg7 42. Kg2 h6 43. Bd1 Qd4 44. Be2 Qe3 45. Rf2 Be8 46. Bc4 Bd7 47. Rf3 Qc1 48. Rf1 Qb2+ 49. Rf2 Qe5 50. Be2 h5 51. Rf4 Bg4 52. Bc4 Kh6 53. Qh1 Qc3 54. Qg1 Be2 55. Qf2 Bxc4 56. bxc4 Qxc4 57. Rg4 Kg7 58. Rf4 Qc3 59. Rf7+ Kh6 60. Rd7 Qh8 61. Rb7 h4 62. Qf4 hxg3 63. Qh4+ Rh5 64. Qf4+ Rg5 65. Qh4+ Rh5 1/2-1/2

[Event "Olympiad-45"]
[Site "Budapest"]
[Date "2024.09.15"]
[Round "5.52"]
[White "Khalid, Mafaaz"]
[Black "Barrish, Daniel"]
[Result "0-1"]
[WhiteElo "2069"]
[BlackElo "2281"]
[PlyCount "100"]
[EventDate "2024.09.11"]
[EventType "team-swiss"]
[EventRounds "11"]
[EventCountry "HUN"]
[SourceTitle "EXT 2025"]
[Source "ChessBase"]
[SourceDate "2024.10.14"]
[SourceVersion "1"]
[SourceVersionDate "2024.10.14"]
[SourceQuality "1"]
[WhiteTeam "Pakistan"]
[BlackTeam "South Africa"]
[WhiteTeamCountry "PAK"]
[BlackTeamCountry "RSA"]

1. d4 Nf6 2. c4 e6 3. Nc3 Bb4 4. f3 c5 5. d5 b5 6. e4 d6 7. Nge2 bxc4 8. Nf4 e5 9. Nfe2 Nbd7 10. Ng3 Nb6 11. Be2 Ng8 12. 0-0 Ne7 13. f4 exf4 14. Nh5 0-0 15. Bxf4 Ng6 16. Bg3 Bxc3 17. bxc3 Qe7 18. Re1 Ne5 19. Bf4 Bd7 20. h3 Na4 21. Qd2 Rab8 22. Qe3 f6 23. Bg3 Rb2 24. Nf4 Rfb8 25. Bd1 a5 26. Rf1 R2b7 27. Bc2 Nb2 28. Be1 Be8 29. Qg3 Bg6 30. Bd2 Nbd3 31. Nxg6 hxg6 32. Bd1 Rb2 33. Be3 Rb1 34. Rxb1 Rxb1 35. h4 Qd7 36. h5 g5 37. Qh2 Kh7 38. Qg3 a4 39. a3 Ra1 40. h6 gxh6 41. Qh2 Kg7 42. Qh5 Nb2 43. Be2 Rxf1+ 44. Kxf1 Nbd3 45. Kg1 Qb5 46. Qh3 Qb1+ 47. Kh2 Qe1 48. Bh5 Nf2 49. Bxf2 Qxf2 50. Be8 g4 0-1

[Event "Olympiad-45"]
[Site "Budapest"]
[Date "2024.09.11"]
[Round "1.24"]
[White "Cheparinov, Ivan"]
[Black "Khalid, Mafaaz"]
[Result "1-0"]
[WhiteElo "2628"]
[BlackElo "2069"]
[PlyCount "67"]
[EventDate "2024.09.11"]
[EventType "team-swiss"]
[EventRounds "11"]
[EventCountry "HUN"]
[SourceTitle "EXT 2025"]
[Source "ChessBase"]
[SourceDate "2024.10.14"]
[SourceVersion "1"]
[SourceVersionDate "2024.10.14"]
[SourceQuality "1"]
[WhiteTeam "Bulgaria"]
[BlackTeam "Pakistan"]
[WhiteTeamCountry "BUL"]
[BlackTeamCountry "PAK"]

1. e4 e5 2. Nf3 Nc6 3. Bb5 Nf6 4. d3 Bc5 5. c3 d6 6. 0-0 0-0 7. Nbd2 a6 8. Ba4 b5 9. Bc2 a5 10. a4 b4 11. Bb3 Rb8 12. Bc4 Be6 13. Bxe6 fxe6 14. Nc4 Qe8 15. Re1 Qh5 16. Be3 Bxe3 17. Nxe3 Qg6 18. g3 Nd7 19. Nc4 bxc3 20. bxc3 Qf7 21. Ncd2 Nc5 22. Qe2 Rb2 23. Qe3 h6 24. Ra3 Rfb8 25. Kg2 Qf8 26. d4 Nd7 27. Nc4 d5 28. Nxb2 Qxa3 29. Nd3 exd4 30. cxd4 Rb3 31. exd5 Rxd3 32. Qxe6+ Kh8 33. dxc6 Nf8 34. Qf7 1-0